00377nam a2200121Ia 4500008004100000041000800041082001400049100001100063245001900074260003700093999001900130952010600149231212s1978 xx 000 0 und d aeng a621.38412 ateppar aBasic Radio VI aNew DelhibSatya Prakashanc1978 c957538d957538 00104070aITMbITMd2023-12-13g25.00l0o621.38412pITM-P-390r2023-12-13 00:00:00w2023-12-13yBK